00371nam a22001217a 4500008004100000020001500041050002500056100002200081245006600103260004200169300001600211650002200227210607b xxu||||| |||| 00| 0 eng d a1944325091 aQA162b.J83 2019 c.1 aJudson, Thomas W. aAbstract Algebra btheory and applications cThomas W. Judson aMichiganbOrthogonal Publishingc2019 axiii, 407p. aAlgebravabstract